Administrative Action : The Techniques of Organization and Managerment/

में बचाया:
ग्रंथसूची विवरण
मुख्य लेखक: Newman, William H.
स्वरूप: Sách giấy
भाषा:English
प्रकाशित: New Jersey : Prentice-Hall, INC., 1950
संस्करण:Second Edition
टैग : टैग जोड़ें
कोई टैग नहीं, इस रिकॉर्ड को टैग करने वाले पहले व्यक्ति बनें!
Thư viện lưu trữ: Thư viện Trường Đại học Đà Lạt
LEADER 00730nam a2200301 4500
001 DLU040028236
040 # # |a dlu  |b vie 
041 # # |a eng 
044 # # |a US 
082 # # |a 658  |b NE-W 
100 # # |a Newman, William H. 
245 # # |a Administrative Action :  |b The Techniques of Organization and Managerment/  |c William H.Newman  
250 # # |a Second Edition 
260 # # |a New Jersey :  |b Prentice-Hall, INC.,  |c 1950 
300 # # |a 486p.;  |c 24cm. 
504 # # |a Include index [p.477 - ] 
923 # # |a 5/2004 
992 # # |a 10000 
994 # # |a DLU 
900 # # |a True 
911 # # |a Lê Thị Mạnh Xuân 
925 # # |a G 
926 # # |a A 
927 # # |a SH 
980 # # |a Thư viện Trường Đại học Đà Lạt